000 00326nam a2200121Ia 4500
008 230627s9999 xx 000 0 und d
041 _aeng
082 _a346.043 6
_bDIV
100 _aDivekar G.M
245 _aLaw And Practice Of Property Transaction In India
250 _a3ed.
260 _aPune
_bHind Law Publications
_c1999
999 _c702689
_d702689